| 000 | 00492nam a2200169 4500 | ||
|---|---|---|---|
| 001 | 121154 | ||
| 003 | ES-MaACL | ||
| 005 | 20230906191711.0 | ||
| 007 | t| | ||
| 008 | 070214s1924 sp r ||||1| spa d | ||
| 100 | 1 |
_aPons Samper, José. _993027 |
|
| 245 | 1 | 0 |
_aPleamar _b: poesías / _cJosé Pons Samper ; prólogo de Angel de Luque. |
| 260 |
_aMadrid : _bG. Hernández, _c1924. |
||
| 300 |
_a244 p. ; _c20 cm. |
||
| 700 | 1 |
_aLuque, Angel de. _974809 |
|
| 852 |
_aES-MaACL _jF-6639 _bR.5230 |
||
| 999 |
_c121154 _d121154 |
||